[Event "EICC 2017"]
[Site "Minsk"]
[Date "2017.06.08"]
[Round "9"]
[White "Podolchenko, Evgeniy"]
[Black "Grigoriants, Sergey"]
[Result "0-1"]
[WhiteElo "2398"]
[BlackElo "2576"]
[Annotator "TA"]
[PlyCount "54"]
[EventDate "2017.??.??"]
[EventCountry "BLR"]
[SourceTitle "playchess.com"]
[Source "ChessBase"]
[SourceQuality "1"]

{[%evp 13,54,30,42,18,12,8,31,24,38,6,16,14,19,10,8,-12,-8,-6,-18,-279,-272,-305,-277,-377,-251,-444,-448,-461,-462,-485,-477,-475,-461,-460,-458,-472,-447,-464,-456,-465,-447,-450,-416]} 1. d4 Nf6 2. c4 e6 3. Nf3 b6 4. g3 Bb7 5. Bg2 Bb4+ 6. Bd2 c5 7. O-O O-O 8. dxc5 {E16: Queen's Indian: 4 g3 Bb7 5 Bg2 Bb4+} (8. Qb3 a5 9. Rd1 d5 10. dxc5 Bxc5 11. cxd5 Qxd5 12. Qxd5 Nxd5 13. Nc3 Nd7 14. Nxd5 Bxd5 15. Ne1 Bxg2 16. Kxg2 {½-½ (28) Ni,H (2675)-Bu,X (2713) China 2017}) 8... Bxc5 9. Nc3 Be7 10. Bf4 {White is slightly better.} d6 11. Qd2 Qc8 12. Rac1 (12. Bxd6 $2 Rd8 $19) 12... Rd8 13. Rfd1 Nbd7 {[#]} 14. Bxd6 $146 ({Predecessor:} 14. Qe1 Nf8 15. Nb5 Ne8 16. h4 a6 17. Nc3 Qc7 {0-1 (42) Romanishin,O (2595)-Garcia Gonzales,G (2485) Leningrad 1977}) 14... Nf8 $1 15. Nb5 {Threatens to win with Qb4.} Ne4 $1 {[%csl LRd2,LRd6][%cal Re4d2]} 16. Qb4 $2 {[%mdl 8192]} (16. Bxe7 $11 {and White stays safe.} Nxd2 17. Bxd8 Nxf3+ 18. exf3) 16... Nxd6 $19 17. Rxd6 {[#]} a6 $1 {[%cal Ba7a6,Ba6b5][%mdl 32]} ({Worse is} 17... Bxd6 18. Nxd6 Qd7 19. Nxb7 $16) 18. c5 {With the idea Rxd8.} bxc5 ({Less strong is} 18... axb5 19. Rxb6 Rxa2 20. Rxb5 $19) 19. Rxd8 $2 (19. Rxc5 Rxd6 20. Nxd6 Bxd6 21. Rxc8 Bxb4 22. Rc7) 19... Qxd8 {Black is clearly winning.} ({Inferior is} 19... cxb4 20. Rdxc8 Rxc8 21. Rxc8 $11) 20. Qf4 axb5 21. Ne5 Bxg2 22. Qxf7+ Kh8 23. Kxg2 Qd5+ 24. Qf3 Rxa2 25. Nc6 Bd6 26. Nd8 Qxf3+ 27. Kxf3 Kg8 {Precision: White = 33%, Black = 84%.} 0-1

[Event "EICC 2017"]
[Site "Minsk"]
[Date "2017.06.08"]
[Round "9"]
[White "Abdulov, Orkhan"]
[Black "Postny, Evgeny"]
[Result "1-0"]
[WhiteElo "2388"]
[BlackElo "2588"]
[Annotator "TA"]
[PlyCount "87"]
[EventDate "2017.??.??"]
[EventCountry "BLR"]
[SourceTitle "playchess.com"]
[Source "ChessBase"]
[SourceQuality "1"]

{[%evp 23,87,10,20,0,19,11,16,0,0,0,5,0,0,-4,0,0,0,0,0,0,5,4,26,26,26,26,17,0,0,0,0,0,0,0,0,0,0,0,0,0,0,0,0,0,0,0,0,0,0,0,0,0,0,0,1556,917,29977,29978,29980,29981,29982,29983,29986,29987,29987,29988]} 1. Nf3 d5 2. d4 c6 3. c4 Nf6 4. cxd5 cxd5 5. Nc3 Nc6 6. Bf4 a6 7. e3 Bg4 8. Be2 e6 9. O-O Be7 10. Ne5 Bxe2 11. Qxe2 O-O 12. Nxc6 bxc6 13. Na4 {[%cal Bc3a4,Ba4c5,Bc5b7][%mdl 32] D13: Slav Defence: Exchange variation without ...Bf5} Nd7 14. Rfc1 Qa5 15. Qc2 {The position is equal.} Rfc8 16. a3 {[#]} Qd8 $146 ({Predecessor:} 16... Nb6 17. Nc5 Bxc5 18. dxc5 Nd7 19. Bd6 Qb5 20. a4 Qb4 {0-1 (57) Rasmussen,K (2437)-Stefansson,H (2560) Aarhus 2003}) 17. b4 a5 18. Nc5 Qe8 19. Nb7 axb4 20. axb4 Rxa1 21. Rxa1 Nb6 22. h3 h6 23. Ra6 Nc4 24. Qa4 Qf8 25. Rxc6 {Strongly threatening b5.} Ra8 26. Ra6 Rxa6 27. Qxa6 {Threatens to win with b5.} Bxb4 28. Qc6 Qa8 29. Qd7 Qa1+ (29... Nd2 $5 {[%cal Ra8a1]} 30. Qd8+ Qxd8 31. Nxd8 Kf8 $11) 30. Kh2 {[#] aiming for Nd8.} Nd2 31. h4 {Black must now prevent Nd8.} Ne4 32. f3 Nf2 {( -> ...Qh1+)} 33. Qc8+ $1 Bf8 34. Bd6 Qh1+ 35. Kg3 Qe1 36. Qxf8+ Kh7 {[#] ...Nd1+ is the strong threat.} 37. Qxf7 Nd1+ 38. Kg4 Nxe3+ $2 {[%mdl 8192]} (38... Qe2 $11 39. Nc5 (39. Qxe6 $2 Nxe3+ 40. Qxe3 Qxe3 $19) 39... Qxg2+ 40. Bg3 Nxe3+ 41. Kf4 Nf1) 39. Kh5 $18 Nf5 40. Qg6+ {White mates.} Kh8 41. g3 {[%cal Bg2g3,Bg3g4,Bg4f5][%mdl 32]} Qe2 42. Be5 Qxf3+ 43. g4 Qg3 44. gxf5 {Precision: White = 79%, Black = 61%.} 1-0

[Event "EICC 2017"]
[Site "Minsk"]
[Date "2017.06.08"]
[Round "9"]
[White "Tunik, Gennady"]
[Black "Baron, Tal"]
[Result "1/2-1/2"]
[WhiteElo "2384"]
[BlackElo "2540"]
[Annotator "TA"]
[PlyCount "108"]
[EventDate "2017.??.??"]
[EventCountry "BLR"]
[SourceTitle "playchess.com"]
[Source "ChessBase"]
[SourceQuality "1"]

{[%evp 24,108,0,0,0,0,0,0,0,0,0,0,0,0,63,18,21,34,45,0,0,-38,-4,-10,0,0,0,-12,-6,-12,-17,-8,0,-25,92,92,97,93,107,117,122,119,149,171,227,190,187,189,281,274,268,279,264,273,250,175,176,111,110,77,74,52,52,51,51,51,51,51,60,51,57,51,61,14,14,14,14,14,14,14,14,0,0,0,14,0,0]} 1. d4 Nf6 2. c4 e6 3. Nf3 d5 4. g3 dxc4 5. Bg2 Bd7 6. Ne5 Bc6 7. Nxc6 Nxc6 8. e3 Qd7 {E04: Open Catalan: 5 Nf3} 9. O-O O-O-O (9... Rd8 10. Qe2 e5 11. Qxc4 exd4 12. Qb5 Rb8 13. Rd1 a6 14. Qf1 Bd6 15. exd4 O-O 16. Bh3 {½-½ (76) Tomashevsky,E (2722)-Bu,X (2698) Novi Sad 2016}) 10. Qa4 Nd5 11. Qxc4 h5 {[%cal Bh7h5,Bh5h4][%mdl 32]} 12. Nc3 h4 13. Bd2 {LiveBook: 11 Games} f5 14. Nxd5 $146 ({Predecessor:} 14. Rfc1 hxg3 15. hxg3 g5 16. Nxd5 exd5 {0-1 (52) Carstensen,J (2383)-Niemi,K (2337) Novi Sad 2016}) 14... exd5 15. Qa4 g5 16. Rfc1 {[%cal Bf1c1,Bc1c2,Bc2c5][%mdl 32]} hxg3 17. hxg3 Kb8 (17... Qh7 $2 18. Rxc6 bxc6 19. Qxc6 $18) 18. Rc2 Bg7 (18... a6 $11) 19. Rc5 (19. b4 {is interesting.} f4 20. b5 Nxd4 21. exd4 fxg3 22. Bxg5 Rdf8 23. f4) 19... Ne7 $1 20. Qxd7 Rxd7 21. Rcc1 Ng8 22. f3 Nf6 (22... f4 $5) 23. Kf2 Re7 24. Rh1 $36 {[%mdl 2048] White is more active.} Rhe8 25. Rae1 Re6 26. Bf1 g4 27. Bd3 gxf3 28. Kxf3 Rf8 (28... Ne4 $11 29. Bxe4 fxe4+ 30. Ke2 Rg6) 29. Bb4 $16 Rf7 30. Bxf5 Ng8 31. g4 Nh6 32. Rh5 a5 33. Bxa5 Ra6 (33... Ref6 {was called for.} 34. Kf4 Ra6) 34. Bc3 Rxa2 35. Kg3 c6 (35... Nxf5+ $142 36. Rxf5 (36. gxf5 Bf8 $16) 36... Rxf5 37. gxf5 Kc8) 36. Reh1 Nxf5+ 37. Rxf5 ({But not} 37. gxf5 $6 Bf6 $16) 37... Re7 38. Kf3 Kc7 39. Rh7 Ra1 40. Kf2 (40. Bb4 $18 Rd7 41. Kg2) 40... Rb1 41. Rg5 Bf6 42. Rxe7+ (42. Rgh5 $5 {[%cal Rh7e7]} b5 43. Kf3 $16 (43. Rxe7+ Bxe7 44. Rh7 Kd8 $14)) 42... Bxe7 {[%mdl 4096] Endgame KRB-KRB} 43. Rg7 Kd7 $1 44. g5 {[%cal Bg4g5,Bg5g6][%mdl 32] [#] g6 is the strong threat.} Ke6 45. g6 {Hoping for Rh7.} Rh1 $1 46. Rh7 Rh4 $1 47. Kf3 Re4 48. Be1 {[#] Black must now prevent Bg3.} Kf6 {The position is equal.} 49. Bh4+ Kxg6 50. Rxe7 Rxh4 51. Rxb7 Kf5 52. Re7 Rh3+ 53. Kg2 Rh8 54. Kf3 Rh3+ {Precision: White = 53%, Black = 60%.} 1/2-1/2

[Event "EICC 2017"]
[Site "Minsk"]
[Date "2017.06.08"]
[Round "9"]
[White "Apryshko, Gleb"]
[Black "Chigaev, Maksim"]
[Result "0-1"]
[WhiteElo "2368"]
[BlackElo "2559"]
[Annotator "TA"]
[PlyCount "44"]
[EventDate "2017.??.??"]
[EventCountry "BLR"]
[SourceTitle "playchess.com"]
[Source "ChessBase"]
[SourceQuality "1"]

{[%evp 9,44,-110,-110,-106,-97,-102,-97,-117,-108,-175,-190,-189,-177,-175,-193,-238,-172,-259,-203,-271,-70,-53,-40,-666,-669,-697,-641,-704,-709,-669,-677,-1350,-1358,-29983,-29984,-29984,-29984]} 1. b3 g6 2. Bb2 Nf6 3. g4 Bg7 4. g5 Nh5 5. Qc1 {[#]} e5 $1 6. h4 {A01: Nimzowitsch-Larsen Opening} d5 {[%cal Bd7d5,Bd5d4][%mdl 32]} 7. e3 Bg4 $146 ({Predecessor:} 7... h6 8. Nf3 d4 9. Bc4 Bg4 10. Nh2 Bc8 11. Nf3 Bg4 12. Nh2 Bc8 13. Nf3 Bg4 14. Nh2 {½-½ (14) Safarli,E (2649)-Mamedov,R (2659) Kocaeli 2014}) 8. Bg2 {Black is better.} O-O 9. c4 (9. d3 $17) 9... d4 $19 10. Bxb7 Nd7 11. c5 Rb8 12. Be4 c6 13. Na3 (13. Ne2 $142) 13... Qe7 14. Nc4 {[#]} Nxc5 $2 ({Black should try} 14... f5 $1 $19 {[%cal Rf5e4]} 15. Bb1 Nxc5) 15. Ba3 $15 {Black must now prevent Nb2.} f5 $36 {[%cal Bf7f5,Bf5f4,Bf4g3][%mdl 2080] Black has good play.} 16. Bg2 $2 {[%mdl 8192]} (16. Na5 $15 fxe4 17. Bxc5) 16... Nd3+ $19 17. Kf1 Qe6 18. Qc2 e4 19. Bxf8 Rxf8 20. Re1 f4 21. exd4 {[#]} Ng3+ $1 {[%mdl 512]} 22. fxg3 fxg3+ {Precision: White = 25%, Black = 71%.} 0-1

[Event "EICC 2017"]
[Site "Minsk"]
[Date "2017.06.08"]
[Round "9"]
[White "Bartel, Michal"]
[Black "Pavlidis, Antonios"]
[Result "1/2-1/2"]
[WhiteElo "2361"]
[BlackElo "2540"]
[Annotator "TA"]
[PlyCount "82"]
[EventDate "2017.??.??"]
[EventCountry "BLR"]
[SourceTitle "playchess.com"]
[Source "ChessBase"]
[SourceQuality "1"]

{[%evp 17,82,34,43,18,50,39,30,32,40,-12,0,-10,-7,-8,-15,-8,0,-17,0,-6,-7,-6,0,-6,0,-6,-6,-6,0,-33,-33,-33,-35,-35,-18,-18,-19,-20,-22,-18,-16,-27,-31,-46,-16,-8,0,-25,8,-10,0,0,31,23,29,25,26,-11,-10,-36,-36,-42,-22,-35,-35,-35,-35]} 1. e4 c5 2. Nf3 e6 3. d4 cxd4 4. Nxd4 Nc6 5. Nc3 Qc7 6. Be3 a6 7. Be2 b5 8. Nxc6 Qxc6 9. O-O {B49: Sicilian: Taimanov: 5 Nc3 Qc7 6 Be3 a6 7 Be2} Bb7 {LiveBook: 20 Games} 10. Re1 $146 ({Predecessor:} 10. a3 Ne7 11. Bf3 Ng6 12. Bd4 Nh4 13. Re1 Rc8 14. Bg4 Be7 15. g3 h5 16. Bh3 Ng6 17. Bxg7 {½-½ (47) Zhigalko,A (2584)-Vitiugov,N (2742) Bilbao 2014}) 10... Qc7 11. Qd4 {White is slightly better.} Bd6 12. f4 e5 13. Qb6 (13. Qd2 $14) 13... exf4 $11 14. Qxc7 Bxc7 15. Bd4 Ne7 16. Bxg7 Rg8 17. Bf6 Rg6 18. Bxe7 Kxe7 19. Nd5+ Bxd5 20. exd5 Kd6 21. Bf3 Bb6+ 22. Kf1 Be3 23. Red1 Rc8 24. c3 $1 {[#]} b4 $1 {[%mdl 512]} 25. Rd3 $1 (25. cxb4 Rc2) 25... a5 26. a3 bxc3 27. Rxc3 Rxc3 28. bxc3 {[%mdl 4096] Endgame KRB-KRB} Kc5 29. Rb1 Kc4 30. Rb7 Kd3 31. a4 ({Don't play} 31. Rxd7 Rb6 $17) 31... Kxc3 (31... Rb6 $5 {[%cal Rb6b7]} 32. Be2+ Kd2 33. Rxb6 Bxb6 $15) 32. Ke2 Kd4 33. Kd1 Rg8 34. d6 Rg6 35. Rxd7 Kc5 36. Rc7+ Kxd6 37. Rc6+ (37. Rxf7 {with more complications.} Kc5 38. Rxh7 Rd6+ 39. Kc2 Kc4 40. Rc7+) 37... Ke5 38. Rxg6 hxg6 39. Ke2 f5 40. g4 fxg4 41. Bxg4 g5 {Precision: White = 36%, Black = 47%.} 1/2-1/2

[Event "EICC 2017"]
[Site "Minsk"]
[Date "2017.06.08"]
[Round "9"]
[White "Birnboim, Nathan"]
[Black "Sturua, Zurab"]
[Result "0-1"]
[WhiteElo "2358"]
[BlackElo "2555"]
[Annotator "TA"]
[PlyCount "83"]
[EventDate "2017.??.??"]
[EventCountry "BLR"]
[SourceTitle "playchess.com"]
[Source "ChessBase"]
[SourceQuality "1"]

{[%evp 10,83,28,29,37,1,9,0,0,-13,5,0,2,-34,-50,-95,-70,-67,-76,-111,-113,-124,-67,-156,-144,-157,-133,-145,-146,-141,-87,-101,-73,-68,-70,-72,-73,-69,-81,-70,-61,-49,-48,-48,-33,-85,-35,-68,-61,-60,-24,-19,-20,-92,-79,-87,-84,-95,-22,-22,-13,-43,-31,-93,-97,-213,-198,-278,-245,-278,-266,-457,-31,-801,-621,-1054]} 1. Nf3 Nf6 2. c4 e6 3. g3 a6 4. Bg2 b5 5. b3 Bb7 6. O-O Be7 {A13: English Opening: 1...e6} (6... c5 7. Nc3 Qb6 8. e3 Be7 9. Qe2 Ne4 10. Bb2 O-O 11. d4 Nxc3 12. Bxc3 cxd4 13. exd4 Bf6 14. Rac1 d6 15. c5 Qd8 16. Rfd1 Bd5 {½-½ (75) Bocharov,D (2611)-Svidler,P (2745) Novosibirsk 2016}) 7. d3 c5 {[%cal Bc7c5,Bc5d4][%mdl 32]} 8. Na3 Qb6 {The position is equal.} 9. e4 {[%cal Be2e4,Be4e5][%mdl 32]} Nc6 $146 ({Predecessor:} 9... d6 10. Nd2 Nfd7 11. f4 Bf6 12. Rb1 Nc6 13. Nc2 Nd4 14. Nxd4 Bxd4+ {0-1 (49) Rodkin,R (2253)-Volke,K (2483) Calvia 2004}) 10. e5 Ng4 11. Re1 f6 12. d4 cxd4 {[%cal Rc6e5]} 13. exf6 Nxf6 14. cxb5 axb5 15. Nc2 O-O (15... Bc5 $1 $17 {...d3! is the strong threat.} 16. Nfxd4 Nxd4 17. Bxb7 Nxb3) 16. Nfxd4 ({Better is} 16. Bb2 $1 $15) 16... Nxd4 $17 17. Nxd4 Bxg2 18. Kxg2 Bb4 19. Re2 Qb7+ (19... e5 $142 $1 {[%cal Re5d4]} 20. Rxe5 Bc3) 20. f3 Nd5 21. Qd3 Bc3 22. Bb2 $1 {[%cal Rb2c3]} Bxb2 $1 23. Rxb2 b4 24. Rd2 Rac8 25. Re1 Qb6 26. h4 {[#]} Rf4 $1 {[%mdl 512]} 27. Re4 (27. Ne2 $15 Rf5 28. Qd4) (27. gxf4 Nxf4+) 27... Rf6 28. Rc2 Rff8 29. Ree2 Qa7 (29... Qd6 $5 {[%cal Re6e5]} 30. Qe4 Nc3 $17) 30. Rc4 Qa6 31. Qc2 (31. Kh3 $11) 31... Nc3 32. Rxc8 Rxc8 33. Rd2 Nd5 ({Black should play} 33... g6 $17 {aiming for ...e5.} 34. Qc1 Ne4 $1 {[%mdl 512]}) 34. Qe4 $11 Rc5 35. Qe2 (35. Ne2 {keeps more tension.} Ra5 36. Nc1 Qa7 37. Qe2 Kf7 38. Nd3) 35... Qc8 $36 {[%mdl 2048] Black is pushing.} 36. Kf2 (36. Qd3 $15) 36... Nc3 $17 37. Qe3 {[#]} (37. Qe1 $17) 37... Rd5 $1 $19 38. Kg2 (38. f4 $142) 38... Qc5 {Threatens to win with ...e5.} 39. Qf2 Qd6 {Hoping for ...g6.} 40. Kf1 $2 (40. Rd3) 40... e5 $2 (40... g6 $19 41. Ke1 Kf7) 41. Kg2 $2 {[%mdl 8192]} (41. Nf5 $15 Qa6+ 42. Kg1 Rxd2 43. Qxd2) 41... g6 42. Kf1 {Precision: White = 25%, Black = 67%.} 0-1

[Event "EICC 2017"]
[Site "Minsk"]
[Date "2017.06.08"]
[Round "9"]
[White "Tsoi, Dmitry"]
[Black "Shomoev, Anton"]
[Result "0-1"]
[WhiteElo "2305"]
[BlackElo "2550"]
[Annotator "TA"]
[PlyCount "150"]
[EventDate "2017.??.??"]
[EventCountry "BLR"]
[SourceTitle "playchess.com"]
[Source "ChessBase"]
[SourceQuality "1"]

{[%evp 27,150,55,8,-216,-182,-202,-201,-211,-193,-200,-194,-242,-235,-240,-248,-248,-245,-251,-246,-233,-249,-265,-271,-276,-183,-188,-162,-162,-168,-187,-187,-196,-194,-243,-237,-216,-173,-167,-163,-178,-150,-174,-175,-185,-191,-201,-199,-219,-211,-263,-209,-254,-220,-217,-214,-218,-216,-216,-212,-218,-189,-183,-188,-182,-168,-172,-172,-197,-160,-213,-207,-332,-315,-332,-330,-301,-296,-388,-367,-556,-539,-724,-305,-12835,-12835,-12835,-12836,-12836,-12837,-12837,-12837,-12838,-12838,-12840,-12840,-12841,-12841,-12840,0,-12839,-12839,-12841,-12841,-12841,-12842,-12842,-12841,-12841,-12842,-12842,-12843,-12843,-12843,-12845,-12845,-12845,-12846,-12846,-12846,-12849,-12849,-12850,-29986,-29986,-29987]} 1. e4 c5 2. Nf3 Nc6 3. d4 cxd4 4. Nxd4 Nf6 5. Nc3 e5 6. Ndb5 d6 7. Bg5 a6 8. Na3 b5 9. Nd5 Be7 10. Bxf6 Bxf6 11. c4 Nd4 {B33: Sicilian: Pelikan and Sveshnikov Variations} 12. cxb5 Bb7 13. Bc4 axb5 14. Bxb5+ Kf8 {[#] LiveBook: 3 Games. Hoping for ...Bxd5.} 15. O-O $146 (15. Bc4 $1 $11 {and White has nothing to worry.}) ({Predecessor:} 15. Bc4 Qa5+ 16. Qd2 Bd8 17. Qxa5 Bxa5+ 18. Kd1 f5 19. f3 {½-½ (38) Nisipeanu,L (2681)-Muzychuk,A (2523) Wijk aan Zee 2010}) 15... Bxd5 16. exd5 {[#]} Rxa3 $1 {[%mdl 512]} 17. bxa3 Nxb5 18. Qa4 Nd4 {[%cal Bb5d4,Bd4e2,Be2c3][%mdl 32]} 19. Rab1 {Qa7 is the strong threat.} g6 {And now ...Ne2+ would win.} 20. Rb7 Kg7 21. Qd7 Rf8 22. Qxd8 Ne2+ (22... Rxd8 23. Rfb1 $17) 23. Kh1 Rxd8 (23... Bxd8 24. Rd7 $17) 24. Rfb1 Nc3 25. R1b3 e4 (25... Nxa2 26. Rc7 $17) 26. Rb8 {Strongly threatening Rxd8.} Rxb8 27. Rxb8 Bd4 28. Kg1 Kf6 ({Resist} 28... Nxa2 29. a4 $17) 29. a4 Nxa4 ({But not} 29... Nxd5 30. a5 $17) 30. Rb4 Nc3 $1 {[%csl LRa2,LRd5]} 31. a4 Bc5 32. Rc4 e3 33. fxe3 ({Not} 33. Rxc3 $2 e2 $19) 33... Nxd5 34. Kf2 Bxe3+ 35. Kf3 Bb6 36. Rc8 h5 37. g3 Ke6 38. Ke4 Kd7 39. Ra8 Kc6 40. Rc8+ Nc7 41. Kd3 Kd7 42. Rf8 Ke7 43. Rb8 Bg1 44. h3 Bf2 45. g4 hxg4 46. hxg4 Bc5 47. Rc8 Ne6 48. Kc4 (48. Rb8 $17) 48... Kd7 $19 49. Rh8 (49. Rb8 {was called for.}) 49... Kc6 50. Rc8+ Nc7 51. Kb3 d5 {[%cal Bd6d5,Bd5d4,Bd4d3,Bd3d2][%mdl 32]} 52. a5 Be3 53. Rf8 (53. Kc2 {keeps fighting.} Bc5 54. Rh8) 53... Kb5 54. Rxf7 Na6 (54... Ne6 $142 55. Kc2 Nf4) 55. Re7 $2 (55. Rf6 Nc5+ 56. Kc2) 55... Nc5+ 56. Kc2 d4 57. Re5 g5 58. Kd1 Kc4 59. Re8 Bf4 60. Rf8 d3 61. Rd8 Kb5 62. Rd5 Kc4 63. Rd8 $1 d2 64. Kc2 Kb5 65. Rd5 Kc6 66. Rd4 Be3 67. Rc4 Kb5 68. Rc3 {[#]} Bf4 $1 69. Ra3 Ka6 70. Rf3 Ne4 71. Rf1 Kxa5 72. Rf3 Kb4 73. Rf1 Nc3 74. Rxf4+ gxf4 75. Kxd2 Ne4+ {Precision: White = 47%, Black = 86%.} 0-1

[Event "EICC 2017"]
[Site "Minsk"]
[Date "2017.06.08"]
[Round "9"]
[White "Davtyan, Artur"]
[Black "Azarov, Sergei"]
[Result "1/2-1/2"]
[WhiteElo "2216"]
[BlackElo "2582"]
[Annotator "TA"]
[PlyCount "77"]
[EventDate "2017.??.??"]
[EventCountry "BLR"]
[SourceTitle "playchess.com"]
[Source "ChessBase"]
[SourceQuality "1"]

{[%evp 17,77,41,37,-2,-2,0,9,17,18,14,12,19,6,12,18,15,27,0,0,-6,0,0,0,0,0,0,2,-14,0,0,0,0,0,0,0,-9,-9,-9,0,0,0,0,0,0,0,0,0,0,0,0,0,0,0,0,0,0,0,0,0,0,0,0]} 1. Nf3 Nf6 2. d4 e6 3. c4 b6 4. g3 Ba6 5. Qc2 Bb4+ 6. Bd2 {E15: Queen's Indian: 4 g3 sidelines, 4 g3 Ba6 and 4 g3 Bb7 early deviations} Be7 7. e4 d5 8. cxd5 Bxf1 9. Kxf1 exd5 {LiveBook: 128 Games} 10. Nc3 $146 {Strongly threatening e5.} (10. e5 $5 {[%cal Re5f6]} Ne4 11. h4 $11) ({Predecessor:} 10. e5 Ne4 11. Kg2 Qd7 12. Nc3 Nxc3 13. Qxc3 O-O {½-½ (48) Sunilduth Lyna,N (2536)-Melkumyan,H (2653) Douglas 2016}) 10... dxe4 11. Nxe4 O-O 12. Kg2 Qd5 13. Rhe1 Nxe4 14. Qxe4 Qxe4 15. Rxe4 Bd6 $1 16. Ne5 Rd8 17. Nc4 Bf8 {The position is equal.} 18. Bf4 Na6 19. Rd1 f6 20. g4 Rd7 21. Ne3 Rad8 22. d5 b5 23. Re6 Nb4 24. a3 Nxd5 25. Rxd5 Rxd5 26. Nxd5 Rxd5 27. Bxc7 $11 {[%mdl 4096] Endgame KRB-KRB} Rd2 28. b4 $1 Ra2 29. Re3 Kf7 30. h3 Rc2 31. Bf4 g5 32. Bg3 Be7 33. Rd3 Ke6 34. Re3+ Kf7 35. Rd3 Ra2 36. Bb8 a6 37. Ba7 Ke6 38. Re3+ Kf7 39. Rc3 {Precision: White = 79%, Black = 75%.} 1/2-1/2